Presidents of South Africa by Picture - Statistics

General Stats
  • This quiz has been taken 35 times
  • The average score is 4 of 5
Answer Stats
Picture Hint Answer % Correct
1994-1999 Nelson Mandela
100%
2009-2018 Jacob Zuma
79%
2018-Present Cyril Ramaphosa
72%
1999-2008 Thabo Mbeki
66%
2008-2009 Kgalema Motlanthe
34%
No matching quizzes found
Score Distribution
Percent of People with Each Score
Percentile by Number Answered
Your Score History
You have not taken this quiz